[Event "COL-ch Blitz"]
[Site "Villavicencio"]
[Date "2021.11.15"]
[Round "2"]
[White "Cabiativa, Juan Esteban"]
[Black "Echavarria, Johann"]
[Result "0-1"]
[WhiteElo "1950"]
[BlackElo "2288"]
[PlyCount "56"]
[EventDate "2021.11.15"]
[EventType "swiss (blitz)"]
[EventRounds "13"]
[EventCountry "COL"]
[SourceTitle "CBM 205 Extra"]
[Source "ChessBase"]
[SourceDate "2022.01.31"]
[SourceVersion "1"]
[SourceVersionDate "2022.01.31"]
[SourceQuality "1"]

1. c4 e5 2. g3 Nf6 3. Bg2 c6 4. d4 e4 5. Nc3 d5 6. cxd5 cxd5 7. f3 Bb4 8. a3 Bxc3+ 9. bxc3 0-0 10. Bg5 exf3 11. Nxf3 Nbd7 12. 0-0 h6 13. Bf4 Ne4 14. Rc1 Nb6 15. Ne5 f6 16. Nd3 Qe7 17. Qb3 Nc4 18. Nf2 f5 19. Nxe4 fxe4 20. a4 Bg4 21. Rfe1 b6 22. h3 Be6 23. h4 Bg4 24. e3 Rac8 25. Bf1 Qe6 26. Bxc4 Rxc4 27. Ra1 Bf3 28. Rec1 Qh3 0-1